000 00703nam a2200217 i 4500
001 bg
100 1 _aNIESTERUK, Roman.
245 1 0 _aWłaściwości termofizyczne żywności.
_nCz.2 /
_cRoman Niesteruk.
260 _aBiałystok :
_bDział Wydawnictw i Poligrafii PB,
_c1999.
300 _a109 s. ;
_c23 cm.
490 1 _aRozprawy Naukowe / Politechnika Białostocka,
_x0867-096X ;
_vnr 62
504 _aBibliogr. przy rozdz.
650 9 _aTermodynamika
_xzagadnienia
650 9 _aŻywność
_xfizyka
830 0 _aRozprawy Naukowe (Politechnika Białostocka) ;
_vnr 62
040 _cBPK
041 0 _apl
080 _a663/664+637:536
942 _cKS
008 s pl f |000 0 pol
999 _c37994
_d37994
856 _uhttp://koha.tu.koszalin.pl/cgi-bin/koha/opac-detail.pl?biblionumber=37994
_yKatalog online BPK